[Event "SUI-ch op2"]
[Site "Luzern"]
[Date "1994.07.17"]
[Round "2"]
[White "Flury, Richard"]
[Black "Goeldi, Hans"]
[Result "0-1"]
[WhiteElo "1737"]
[BlackElo "1833"]
[PlyCount "68"]
[EventDate "1994.07.16"]
[EventType "swiss"]
[EventRounds "7"]
[EventCountry "SUI"]
[SourceTitle "EXT 1999"]
[Source "ChessBase"]
[SourceDate "1998.11.16"]
[SourceVersion "1"]
[SourceVersionDate "1998.11.16"]
[SourceQuality "1"]

1. d4 Nf6 2. c4 g6 3. Nc3 Bg7 4. Nf3 d6 5. Bg5 0-0 6. h3 h6 7. Bxf6 Bxf6 8. Qc2 c6 9. e3 Na6 10. a3 e5 11. dxe5 dxe5 12. Rd1 Qe7 13. Be2 Be6 14. 0-0 Rfd8 15. b4 Bg7 16. e4 Nc7 17. Rfe1 a5 18. c5 axb4 19. axb4 Ra3 20. Rxd8+ Qxd8 21. Rd1 Qe7 22. Nd2 Nb5 23. Nxb5 cxb5 24. Bxb5 Qg5 25. Bd3 Bxh3 26. g3 Bg4 27. Re1 Qd8 28. Re3 h5 29. Nc4 Ra1+ 30. Kg2 Bh6 31. Qc3 Bxe3 32. Nxe3 Qd4 33. Nd5 Qxc3 34. Nxc3 Ra3 0-1